| 000 | 01308cam a22003497a 4500 | ||
|---|---|---|---|
| 003 | CHAP | ||
| 005 | 20220329142347.0 | ||
| 008 | 000926d2000 mx ab r 00110 esp d | ||
| 010 | _a82357 | ||
| 011 | _a83329 | ||
| 020 | _a9701328299 | ||
| 035 | _a93840 | ||
| 040 | _cCHAP | ||
| 082 |
_a910 _bI58 |
||
| 110 | 2 |
_aInstituto Nacional de Estadística, Geografía e Informática. México _959304 |
|
| 245 | 1 | 0 |
_aInformación geográfica hacia el tercer milenio _c/por INEGI |
| 260 |
_aAguascalientes, Ags. : _bInstituto Nacional de Estadística, Geografía e Informática, _c2000 |
||
| 300 |
_a172 p. : _bilus. ; mapas |
||
| 590 |
_aBATCH-UPD _b10 _c20130110 _lUCH01 _h0633 |
||
| 590 |
_aBATCH-UPD _b10 _c20130410 _lUCH01 _h0317 |
||
| 590 |
_aBATCH-UPD _b10 _c20130914 _lUCH01 _h0854 |
||
| 590 |
_aCONVERSION _b10 _c20130109 _lUCH01 _h1346 |
||
| 650 | 1 | 4 |
_aCartografía _xHistoria _zEuropa. _919649 |
| 650 | 1 | 4 |
_aCartografía _xHistoria _zMéxico. _919650 |
| 650 | 1 | 4 |
_aCartografía _xInvestigación. _919651 |
| 650 | 1 | 4 |
_aGeografía _xMéxico. _947557 |
| 901 | _aBK | ||
| 905 | _aMarco A. Mendoza T. | ||
| 942 | _cLIBRO | ||
| 949 |
_a910 I58 _bBC _cINEGI _d33724000784872 _eINEGI _fc.2 _gI. 205381 _h98296 _i93840 _sb _t$ 300.00 |
||
| 949 |
_a910 I58 _bBC _cINEGI _d33724000814414 _eINEGI _gI. 205381 _h98295 _i93840 _sb _t$ 300.00 |
||
| 999 |
_c82357 _d82357 |
||